header

Intelligent transportation vehicles (Record no. 114451)

MARC details
000 -LEADER
fixed length control field 01382nam a2200349 a 4500
100 1# - MAIN ENTRY--AUTHOR NAME
Personal name Dutra, Max Suell.
245 10 - TITLE STATEMENT
Title Intelligent transportation vehicles
260 ## - PUBLICATION, DISTRIBUTION, ETC. (IMPRINT)
Place of publication [Oak Park, Ill.?] :
Name of publisher Bentham eBooks,
Year of publication [2011]
300 ## - PHYSICAL DESCRIPTION
Number of Pages vi, 184 p. :
Other physical details ill.
490 0# - SERIES STATEMENT
Series statement Mechatronics Series I,
650 #0 - SUBJECT ADDED ENTRY--TOPICAL TERM
Topical Term Transportation
Topical Term Traffic engineering.
Topical Term Intelligent control systems.
Topical Term Optoelectronic devices.
Topical Term Motor vehicles
Topical Term Intelligent transportation systems.
700 1# - ADDED ENTRY--PERSONAL NAME
Personal name Lengerke, Omar.
856 40 - ELECTRONIC LOCATION AND ACCESS
Uniform Resource Identifier http://site.ebrary.com/lib/rucke/Doc?id=10504675

No items available.

© 2026 Rongo University
Contact us: librarian | system librarian | Rongo university